00490nam a2200145Ia 4500008004100000100002400041245007900065260007900144300001000223500002200233650001900255650001600274650002700290856002700317220216s9999 xx 000 0 und d aAriharan V Ncet al 0aOccurrence of bacterial blight disease in rubber tree (Hevea brasiliensis) bInternational Journal of Pharmaceutical Sciences Review and Researchc2015 a67-69 aSource Year: 2015 aBlight disease aRubber tree aXanthomonas campestris ucopy of online article